Central Library OPAC University of Rajshahi
Normal view MARC view

Entry Personal Name

Number of records used in: 4

001 - CONTROL NUMBER

  • control field: 10160

003 - CONTROL NUMBER IDENTIFIER

  • control field: BD-RjUL

005 - DATE AND TIME OF LATEST TRANSACTION

  • control field: 20231123112401.0

008 - FIXED-LENGTH DATA ELEMENTS

  • fixed length control field: 231123|| aca||aabn | a|a d

040 ## - CATALOGING SOURCE

  • Original cataloging agency: BD-RjUL
  • Transcribing agency: BD-RjUL

100 ## - HEADING--PERSONAL NAME

  • Personal name: Siddique, Md. Nur-E-Alam, Supervised

670 ## - SOURCE DATA FOUND

  • Source citation: Work cat.: (BD-RjUL)82334: Mondal, Md. Abdul Hannan 10158, PSYCHOSOCIAL FACTORS AS PREDICTORS OF GERIATRIC DEPRESSION, PERCEIVED STRESS AND HAPPINESS AMONG ELDERLY PEOPLE /, 2022